000 00634cam a22002173a 4500
001 42715
003 PGUSA
005 20140828083952.0
008 130516s2013||||xxu|||||s|||||000 | eng d
040 _aPGUSA
_beng
042 _adc
100 1 _aMau, August,
_d1840-1909
245 1 0 _aPompeii, Its Life and Art
_h[electronic resource] /
_cAugust Mau
260 _bProject Gutenberg,
_c2013
506 _aPublic domain in the USA.
516 _aElectronic text
700 1 _aKelsey, Francis W.
_q(Francis Willey),
_d1858-1927
830 0 _aProject Gutenberg
_v42715
856 4 0 _uhttp://www.gutenberg.org/ebooks/42715
942 _cEB
999 _c271967
_d271967